Stupid quiz#6 - Statistics

General Stats
  • This quiz has been taken 13 times
  • The average score is 3 of 5
Answer Stats
Hint Answer % Correct
Main character Bluey
100%
Blueys sister Bingo
75%
Blueys dad Bandit
67%
Blueys mom Chilli
58%
When was Easter 2025 Apr 20
17%
No matching quizzes found
Score Distribution
Percent of People with Each Score
Percentile by Number Answered
Your Score History
You have not taken this quiz